Ravage / (Record no. 3685)

MARC details
000 -LEADER
fixed length control field 00741nam a2200241u 4500
001 - CONTROL NUMBER
control field 3685
003 - CONTROL NUMBER IDENTIFIER
control field FISKH
005 - DATE AND TIME OF LATEST TRANSACTION
control field 20240409134732.0
008 - FIXED-LENGTH DATA ELEMENTS--GENERAL INFORMATION
fixed length control field 840403t19491943fr 000 0 fre
010 ## - LIBRARY OF CONGRESS CONTROL NUMBER
LC control number a 52006090
040 ## - CATALOGING SOURCE
Original cataloging agency DLC
Transcribing agency CarP
Modifying agency DLC
Language of cataloging eng
050 00 - LIBRARY OF CONGRESS CALL NUMBER
Classification number PQ2603.A435
Item number R3 1943
082 ## - DEWEY DECIMAL CLASSIFICATION NUMBER
Classification number 848
100 1# - MAIN ENTRY--PERSONAL NAME
Personal name Barjavel, René
Dates associated with a name 1911- 1985
245 10 - TITLE STATEMENT
Title Ravage /
Statement of responsibility, etc. René Barjavel
250 ## - EDITION STATEMENT
Edition statement Editions Denoël 1943
260 ## - PUBLICATION, DISTRIBUTION, ETC.
Place of publication, distribution, etc. Paris,
Name of publisher, distributor, etc. Denoël
Date of publication, distribution, etc. 2012
300 ## - PHYSICAL DESCRIPTION
Extent 314 pages :
Dimensions 19 cm.
520 ## - SUMMARY, ETC.
Summary, etc. 'Ravage', published in 1943, opened the way to science fiction in France. " [Source: 4th cover, 2011 edition]
700 ## - ADDED ENTRY--PERSONAL NAME
Personal name Emilie, Moulin
Relator term inscriber
906 ## - LOCAL DATA ELEMENT F, LDF (RLIN)
a 0
b cbc
c premunv
d u
e ncip
f 19
g y-gencatlg
942 ## - ADDED ENTRY ELEMENTS (KOHA)
Source of classification or shelving scheme Dewey Decimal Classification
Koha item type Books
Suppress in OPAC No
Holdings
Withdrawn status Lost status Source of classification or shelving scheme Damaged status Not for loan Collection Home library Current library Shelving location Date acquired Total Checkouts Full call number Barcode Date last seen Price effective from Koha item type
    Dewey Decimal Classification     Fiction Footprints International School Library Network Toul Kork Campus Footprints International School Library Network Toul Kork Campus TK Floor 4 Rear Hallway Shelf 1 (Adult/Secondary Foriegn Language/Khmer) 04/09/2024   BAR 848 PQ2603.A435 2024-0481 04/09/2024 04/09/2024 Books